000 00372nam a2200133Ia 4500
008 150202s9999 xx 000 0 und d
020 _a545010221
050 _aFIC
_bFIC
100 _aRowling J.K.
245 _aHarry Potter and the deathly hallows /
_cJ.K. Rowling.
260 _aNew York :
_bLevine Books,
_c2007.
300 _a759 pages :
_c18 cm.
650 _aFiction.
999 _c282381
_d282381